| 000 | 00591nam a2200217Ia 4500 | ||
|---|---|---|---|
| 005 | 20230704084815.0 | ||
| 008 | 131103s9999 xx 000 0 und d | ||
| 020 | _cRs.60 | ||
| 040 | _aLoreto College | ||
| 041 | _aEnglish | ||
| 082 |
_a944.05 _bLUD |
||
| 100 | _aLudwig,Emil | ||
| 245 |
_aNapoleon _cEmil Ludwig;translated by Eden and Cedar Paul |
||
| 260 |
_aBombay _bJaico Publishing House _c1957 (1987 printing) |
||
| 300 | _a[8],631 p. | ||
| 650 | _aNapoleon,1769 - 1821 | ||
| 651 | _aFrance - History,1804 - 1814 | ||
| 700 | _aPaul,Eden,tr. | ||
| 850 | _aLCLIB | ||
| 942 | _cBK | ||
| 999 |
_c8229 _d58708 |
||